Investície automobilového priemyslu do nových technológií na Slovensku diplomová práca

Na minha lista:
Detalhes bibliográficos
Autor principal: Kuna, Jiří
Autor Corporativo: Národohospodárska fakulta EU. Katedra financií
Outros Autores: Lábaj, Martin, 1982-
Formato: Livro
Idioma:eslovaco
Publicado em: Bratislava 2025
Tags: Adicionar Tag
Sem tags, seja o primeiro a adicionar uma tag!

MARC

LEADER 00000nbm a2200000 4500
001 0309386
005 20251016124201.4
041 0 |a slo 
044 |a SK 
245 1 0 |a Investície automobilového priemyslu do nových technológií na Slovensku  |b diplomová práca  |c Jiří Kuna ; školiteľ: Martin Lábaj 
264 1 |a Bratislava  |c 2025 
300 |a 59 s. 
100 1 |a Kuna, Jiří 
700 1 |a Lábaj, Martin, 1982- 
710 2 |a Národohospodárska fakulta EU. Katedra financií